Electoral Districts of Newfoundland & Labrador - Statistics

General Stats
  • This quiz has been taken 18 times
  • The average score is 16 of 40
Answer Stats
District % Correct
Corner Brook
64%
Labrador West
64%
Gander
55%
Mount Pearl-Southlands
55%
St. John's East-Quidi Vidi
55%
St. John's West
55%
Torngat Mountains
55%
Bonavista
45%
Burgeo-La Poile
45%
Cape St. Francis
45%
Ferryland
45%
Humber-Gros Morne
45%
Mount Scio
45%
St. John's Centre
45%
Terra Nova
45%
Virginia Waters-Pleasantville
45%
Waterford Valley
45%
Windsor Lake
45%
Baie Verte-Green Bay
36%
Burin-Grand Bank
36%
Conception Bay South
36%
Fogo Island-Cape Freels
36%
Fortune Bay-Cape La Hune
36%
Harbour Main
36%
Lake Melville
36%
Lewisporte-Twillingate
36%
Placentia West-Bellevue
36%
Stephenville-Port au Port
36%
Cartwright-L'Anse au Clair
27%
Conception Bay East – Bell Island
27%
Grand Falls-Windsor-Buchans
27%
Harbour Grace-Port de Grave
27%
Humber-Bay of Islands
27%
Mount Pearl North
27%
Placentia-St. Mary's
27%
St. Barbe-L'Anse aux Meadows
27%
St. George's-Humber
27%
Carbonear-Trinity-Bay de Verde
18%
Exploits
18%
Topsail-Paradise
18%
No matching quizzes found
Score Distribution
Percent of People with Each Score
Percentile by Number Answered
Your Score History
You have not taken this quiz